Languages of Botswana - Statistics

General Stats
  • This quiz has been taken 36 times
  • The average score is 2 of 8
Answer Stats
Percent Language % Correct
2 English
93%
77 Setswana
53%
1 Ndebele
43%
2 Zezuru/Shona
27%
7 Sekalanga
3%
1 Sembukushu
3%
1 Sesarwa
3%
3 Shekgalagadi
3%
No matching quizzes found
Score Distribution
Percent of People with Each Score
Percentile by Number Answered
Your Score History
You have not taken this quiz